Rheinland-Pfalz Wappen der Landkreise - Statistiken

Allgemein
  • Dieses Quiz wurde 20 mal gespielt
    15 seit der letzten Aktualisierung
  • Das Durchschnittsergebnis liegt bei 19 aus 36
Antwortstatistiken
Bildquiz Antwort % Korrekt
Kaiserslautern (Stadt)
88%
Mainz
88%
Koblenz
75%
Speyer
75%
Donnersbergkreis
63%
Landkreis Ahrweiler
63%
Landkreis Alzey-Worms
63%
Landkreis Bad Dürkheim
63%
Landkreis Bad Kreuznach
63%
Landkreis Kaiserslautern
63%
Ludwigshafen am Rhein
63%
Trier
63%
Westerwaldkreis
63%
Worms
63%
Zweibrücken
63%
Eifelkreis Bitburg-Prüm
50%
Frankenthal (Pfalz)
50%
Landkreis Birkenfeld
50%
Landkreis Kusel
50%
Landkreis Mainz-Bingen
50%
Landkreis Mayen-Koblenz
50%
Landkreis Neuwied
50%
Landkreis Südliche Weinstraße
50%
Landkreis Trier-Saarburg
50%
Neustadt an der Weinstraße
50%
Pirmasens
50%
Rhein-Pfalz-Kreis
50%
Landau in der Pfalz
38%
Landkreis Bernkastel-Wittlich
38%
Landkreis Cochem-Zell
38%
Landkreis Germersheim
38%
Landkreis Südwestpfalz
38%
Landkreis Vulkaneifel
38%
Rhein-Hunsrück-Kreis
38%
Rhein-Kahn-Kreis
38%
Landkreis Altenkirchen (Westerwald)
25%
Keine übereinstimmenden Quizze gefunden
Verteilung der Resultate
Anzahl Personen mit jedem Resultat
Perzentil nach korrekt beantworteten Fragen
Ihre Resultats-Entwicklung
Sie haben dieses Quiz seit der letzten Aktualisierung nicht gespielt